000
00317nam a22001457a 4500
008
210312b ||||| |||| 00| 0 eng d
020
_a
0397582973
041
_a
eng
080
_a
616
082
_a
616
100
_a
9
101
_a
PAT
245
_a
Atlas of Breast Pathology
_c
Lippincott. J. B
942
_2
udc
_c
BK
999
_c
56574
_d
56574